Word Ladder: Woody & Buzz Quiz Stats

 Plays Quiz Updated Jun 21, 2019

Score 0/38 Timer 05:00
1 Play Today
Hint Word % Correct
❖ First name of the voice of Sheriff Woody ❖❖ TOM ❖
95.7%
Mr. Potato Head, for exampleTOY
92.5%
ConcealedHID
91.9%
Andy or SidBOY
91%
Prepare to shootAIM
90.6%
❖ Surname of the voice of Sheriff Woody ❖❖ HANKS ❖
90.5%
Snack for an aardvarkANT
90.4%
A fishing implementROD
90.3%
Previously possessedHAD
90.3%
Common conjunctionAND
90%
Purge or eliminateRID
89.3%
❖ First name of the voice of Buzz Lightyear ❖❖ TIM ❖
88.3%
Received or procuredGOT
88.1%
An automatonBOT
87.7%
Lend a handAID
87.7%
AccomplishedDID
86.6%
Maker of lame jokesDAD
86.6%
The claw, to Toy Story's aliensGOD
86.3%
Energizer mascotBUNNY
86.2%
Hint Word % Correct
Comical, humorousFUNNY
86.2%
Woody loses his in Toy Story 2ARM
86%
Museum displayART
85.3%
Obama's Vice PresidentBIDEN
82.9%
❖ Surname of the voice of Buzz Lightyear ❖❖ ALLEN ❖
79.9%
Become more broadWIDEN
79.5%
Large portions of somethingHUNKS
79.3%
Like George Clinton's musicFUNKY
78.5%
Like a handsome dudeHUNKY
78%
Waited patientlyBIDED
73.1%
Lovely, like a Scottish lassBONNY
72.7%
Gaunt or emaciatedBONEY
69.3%
Cleaned a fishBONED
69%
Dentist's directiveWIDER
68.8%
ForeshadowedBODED
65.8%
A senior memberELDER
62.8%
A diving duckEIDER
58.9%
Tree in the birch familyALDER
55.5%
Solo star EhrenreichALDEN
54.6%

Today's Daily Dose

Word Ladder
Lean on Me

Get the Picture
Superhero by Villain

You're not logged in!

Compare scores with friends on all Sporcle quizzes.
OR
Log In

Sporcle TV

Today on Sporcle TV


Watch our educational content, quiz creation guides, and fun videos on Sporcle TV.

Show Comments

Extras

Top Quizzes Today


Score Distribution

Your Account Isn't Verified!

In order to create a playlist on Sporcle, you need to verify the email address you used during registration. Go to your Sporcle Settings to finish the process.

Report this User

Report this user for behavior that violates our Community Guidelines.

Details: